<?xml version='1.0' encoding='UTF-8'?>
  <record xmlns="http://www.loc.gov/MARC21/slim">
    <leader>00000ctm a22000007i 4500</leader>
    <controlfield tag="001">ocn965408745</controlfield>
    <controlfield tag="003">OCoLC</controlfield>
    <controlfield tag="005">20240528144645.3</controlfield>
    <controlfield tag="008">140926q149014uugw            000 0 dum d</controlfield>
    <datafield tag="040" ind1=" " ind2=" ">
      <subfield code="a">QGJ</subfield>
      <subfield code="b">dut</subfield>
      <subfield code="c">QGJ</subfield>
      <subfield code="d">OCLCL</subfield>
      <subfield code="d">OCLCQ</subfield>
    </datafield>
    <datafield tag="035" ind1=" " ind2=" ">
      <subfield code="a">(OCoLC)965408745</subfield>
    </datafield>
    <datafield tag="041" ind1="1" ind2=" ">
      <subfield code="a">mud</subfield>
      <subfield code="h">lat</subfield>
    </datafield>
    <datafield tag="245" ind1="0" ind2="4">
      <subfield code="a">Het "Frensweegse handschrift" :</subfield>
      <subfield code="b">kroniek van de Congregatie van Windesheim.</subfield>
      <subfield code="f">UBU Hs 8 L 16.</subfield>
    </datafield>
    <datafield tag="246" ind1="3" ind2="0">
      <subfield code="a">Kroniek van de Congregatie van Windesheim</subfield>
    </datafield>
    <datafield tag="246" ind1="3" ind2="1">
      <subfield code="a">Lives of prominent figures of the Devotio Moderna</subfield>
    </datafield>
    <datafield tag="246" ind1="3" ind2="0">
      <subfield code="a">Frensweger handschrift</subfield>
    </datafield>
    <datafield tag="260" ind1=" " ind2=" ">
      <subfield code="a">[Nordhorn] :</subfield>
      <subfield code="b">[Klooster van de Reguliere Kanunniken Mariënwolde, bekend als Klooster Frenswegen],</subfield>
      <subfield code="c">[ca. 1490].</subfield>
    </datafield>
    <datafield tag="300" ind1=" " ind2=" ">
      <subfield code="a">191 fol. :</subfield>
      <subfield code="b">ill. ;</subfield>
      <subfield code="c">180 x 126 (130 x 82) mm.</subfield>
    </datafield>
    <datafield tag="336" ind1=" " ind2=" ">
      <subfield code="a">text</subfield>
      <subfield code="b">txt</subfield>
      <subfield code="2">rdacontent</subfield>
    </datafield>
    <datafield tag="337" ind1=" " ind2=" ">
      <subfield code="a">unmediated</subfield>
      <subfield code="b">n</subfield>
      <subfield code="2">rdamedia</subfield>
    </datafield>
    <datafield tag="338" ind1=" " ind2=" ">
      <subfield code="a">volume</subfield>
      <subfield code="b">nc</subfield>
      <subfield code="2">rdacarrier</subfield>
    </datafield>
    <datafield tag="340" ind1=" " ind2=" ">
      <subfield code="a">Perkament</subfield>
      <subfield code="k">littera hybrida (2 handen), 26-32 regels.</subfield>
    </datafield>
    <datafield tag="500" ind1=" " ind2=" ">
      <subfield code="a">Datering: na 1483. De datering is gebaseerd op het jaar van overlijden van de meest recente, in het handschrift beschreven persoon, Reynerus van Texel (overleden 1483).</subfield>
    </datafield>
    <datafield tag="500" ind1=" " ind2=" ">
      <subfield code="a">Illustrations: drie initialen in blauw (fol. 1r, fol. 157r, fol. 165r), versierd met rood penwerk, dat uitloopt in de marge; rubricering.</subfield>
    </datafield>
    <datafield tag="500" ind1=" " ind2=" ">
      <subfield code="a">Uit verschillende bronnen, o.a. werken van Johannes Busch, Thomas à Kempis, Jacobus Trajecti de Voecht, grotendeels vertaald uit het Latijn.</subfield>
    </datafield>
    <datafield tag="520" ind1=" " ind2=" ">
      <subfield code="a">Bevat biografiëen van belangrijke personen van de Moderne Devotie. Deze biografieën zijn gedeeltelijk ook chronieken van de volgende kloosters: Klooster van de Reguliere Kanunniken Mariënwolde (Frenswegen bij Nordhord). Rijke Fraterhuis (Zwolle), Hiëronymusberg (Hulsbergen bij Hattem), Sint-Anthoniusberghe (Albergen).</subfield>
    </datafield>
    <datafield tag="524" ind1=" " ind2=" ">
      <subfield code="a">Te citeren als: Universiteitsbibliotheek Utrecht Hs 8 L 16.</subfield>
    </datafield>
    <datafield tag="563" ind1=" " ind2=" ">
      <subfield code="a">15de-eeuwse, kalfsleren band over houten platten, versierd met driedubbelen filetlijnen langs de zijden en diagonaal over het middenvak; oorspronkelijke rug behouden; twee messing ruiters en sluithaken aan (niet oorspronkelijke) leren riempjes.</subfield>
    </datafield>
    <datafield tag="581" ind1=" " ind2=" ">
      <subfield code="a">Het Frensweger handschrift betreffende de geschiedenis van de Moderne Devotie, [teksteditie] uitgeg. door W. Jappe Alberts en A.L. Hulshoff. Groningen, 1958. (Werken uitgegeven door het Historisch Genootschap. Ser. 3 ; no. 82).</subfield>
    </datafield>
    <datafield tag="581" ind1=" " ind2=" ">
      <subfield code="a">Het Frensweger handschrift, [teksteditie] uitgeg. door W. Jappe Alberts en A.L. Hulshoff. Groningen, 1958. (Teksten en documenten uitgegeven door het Instituut voor Middeleeuwse Geschiedenis van de Rijksuniversiteit te Utrecht ; 1).</subfield>
    </datafield>
    <datafield tag="581" ind1=" " ind2=" ">
      <subfield code="a">A. Hulshof, Het klooster Frenswegen : gedurende de 15de eeuw een voorpost van de Nederlandsche beschaving, in: Utrechtse parelen, Utrecht, 1944, p. 181-198.</subfield>
    </datafield>
    <datafield tag="581" ind1=" " ind2=" ">
      <subfield code="a">C. van der Wansem, Het ontstaan en de geschiedenis der Broederschap van het Gemene Leven tot 1400. Leuven, 1958, p. 9 en 140-141.</subfield>
    </datafield>
    <datafield tag="581" ind1=" " ind2=" ">
      <subfield code="a">B. Nonte, Untersuchungen über die Handschriften des Augustiner-Chorherren-Stiftes Frenswegen bei Nordhorn, in: Westfälische Forschungen, 14 (1961), p. 133-148.</subfield>
    </datafield>
    <datafield tag="581" ind1=" " ind2=" ">
      <subfield code="a">Thomas à Kempis en de Moderne Devotie : tentoonstellingscatalogus. Brussel, 1971, no. 25.</subfield>
    </datafield>
    <datafield tag="581" ind1=" " ind2=" ">
      <subfield code="a">M. Carasso-Kok, Repertorium van verhalende historische bronnen uit de middeleeuwen. 's-Gravenhage, 1981, no. 127, 183, 187, 301.</subfield>
    </datafield>
    <datafield tag="581" ind1=" " ind2=" ">
      <subfield code="a">Moderne Devotie : figuren en facetten : tentoonstelling ter herdenking van het sterfjaar van Geert Grote, 1384-1984. Nijmegen, 1984, p. 122-124.</subfield>
    </datafield>
    <datafield tag="581" ind1=" " ind2=" ">
      <subfield code="a">Handschriften en oude drukken van de Utrechtse Universiteitsbibliotheek : catalogus van de tentoonstelling bij het Centraal Museum te Utrecht .... Utrecht, 1984, no. 108.</subfield>
    </datafield>
    <datafield tag="581" ind1=" " ind2=" ">
      <subfield code="a">Irene Stahl, Die Rekonstruktion der Klosterbibliothek Frenswegen, in: Zentrum für Niederlande-Studien, Jahrbuch, 3 (1992), p. 9-26.</subfield>
    </datafield>
    <datafield tag="581" ind1=" " ind2=" ">
      <subfield code="a">Irene Stahl, Die Handschriften der Klosterbibliothek Frenswegen, Wiesbaden, 1994, no. 99, p. 205.</subfield>
    </datafield>
    <datafield tag="541" ind1=" " ind2=" ">
      <subfield code="c">Gekocht door A. Hulshof, bibliothecaris van de Universiteitsbibliotheek;</subfield>
      <subfield code="d">1920.</subfield>
      <subfield code="5">NL-UtRU</subfield>
    </datafield>
    <datafield tag="655" ind1=" " ind2="7">
      <subfield code="a">Handschriften (vorm)</subfield>
      <subfield code="0">088143309</subfield>
      <subfield code="2">gtt</subfield>
    </datafield>
    <datafield tag="700" ind1="1" ind2=" ">
      <subfield code="a">Busch, Johannes,</subfield>
      <subfield code="d">ca. 1399-1479/80.</subfield>
      <subfield code="1">https://id.oclc.org/worldcat/entity/E39PBJtH7M7BdByk6Bbmb4jXBP</subfield>
    </datafield>
    <datafield tag="700" ind1="0" ind2=" ">
      <subfield code="a">Thomas à Kempis,</subfield>
      <subfield code="d">ca. 1380-1471.</subfield>
    </datafield>
    <datafield tag="700" ind1="0" ind2=" ">
      <subfield code="a">Jacobus Trajecti,</subfield>
      <subfield code="c">alias de Voecht.</subfield>
    </datafield>
    <datafield tag="710" ind1="2" ind2=" ">
      <subfield code="a">Kloster Frenswegen (Nordhorn),</subfield>
      <subfield code="e">former owner.</subfield>
      <subfield code="4">fmo</subfield>
    </datafield>
    <datafield tag="936" ind1=" " ind2=" ">
      <subfield code="a">BATCHLOAD</subfield>
    </datafield>
  </record>